| 000 | 01184cam a2200313 i 4500 | ||
|---|---|---|---|
| 001 | 65212 | ||
| 003 | Mx-PuUPA | ||
| 005 | 20240410104234.0 | ||
| 008 | 040415s2000 sp a gr 001 0 spa d | ||
| 020 | _a8425334616 | ||
| 040 |
_aMx-PuUPA _dMx-PuUPA _cMx-PuUPA _bspa _erda |
||
| 041 | 1 |
_aspa _heng |
|
| 100 | 1 |
_aHeller, Robert, _eautor _d1932-2012 _911262 |
|
| 240 | 1 | 0 |
_aEssential managers : managing people. _lEspañol |
| 245 | 1 | 0 |
_aCómo dirigir al personal / _cRobert Heller ; traducción de, Xebi Solé |
| 264 | 1 |
_aBarcelona : _bGrijalbo Mondadori, _c©2000 |
|
| 300 |
_a72 páginas : _bilustraciones ; _c18 cm |
||
| 336 |
_2rdacontent _atexto _btxt |
||
| 337 |
_2rdamedia _asin medio _bn |
||
| 338 |
_2rdacarrier _avolumen _bnc |
||
| 490 | 0 | _aBiblioteca esencial del ejecutivo | |
| 650 | 4 | _aAdministración de personal | |
| 700 | 1 |
_aSolé, Xebi, _etraductor |
|
| 765 | 0 | 8 |
_aHeller, Robert, 1932-2012. _dLondres : Dorling Kindersley Limited, ©1999. _tEssential managers : managing people. |
| 942 |
_2ddc _h658.3 _iH474 _cLI |
||
| 999 |
_c65212 _d65212 |
||